[Event "SRB-ch sf"]
[Site "Belgrade"]
[Date "2016.03.21"]
[Round "1"]
[White "Zivanovic, Blagoje"]
[Black "Lapcevic, Milos"]
[Result "0-1"]
[WhiteElo "2040"]
[BlackElo "2368"]
[PlyCount "108"]
[EventDate "2016.03.21"]
[EventType "swiss"]
[EventRounds "9"]
[EventCountry "SRB"]
[SourceTitle "CBM 171 Extra"]
[Source "ChessBase"]
[SourceDate "2016.04.26"]
[SourceVersion "1"]
[SourceVersionDate "2016.04.26"]
[SourceQuality "1"]

1. e4 c5 2. Nf3 d6 3. d4 cxd4 4. Nxd4 Nf6 5. Nc3 a6 6. a4 e5 7. Nb3 Be6 8. Be2 Be7 9. Be3 0-0 10. 0-0 Nc6 11. a5 Bxb3 12. cxb3 Nxa5 13. Nd5 Nc6 14. Qd3 Nxd5 15. exd5 Nb8 16. Rfc1 Nd7 17. Bg4 Nc5 18. Qc2 Qb6 19. Ra3 g6 20. Qc3 Qd8 21. b4 Ne4 22. Qc7 Nf6 23. Bh3 Qxc7 24. Rxc7 Nxd5 25. Rxb7 Rab8 26. Rxb8 Rxb8 27. Rxa6 Nxe3 28. fxe3 Rxb4 29. Ra8+ Kg7 30. Ra7 Bg5 31. Rd7 Bxe3+ 32. Kf1 Rxb2 33. Rxd6 f5 34. Re6 Bd4 35. Re7+ Kh6 36. Rd7 Rb1+ 37. Ke2 Rh1 38. Rb7 e4 39. Rd7 Be5 40. Rd1 Rxd1 41. Kxd1 Bxh2 42. Ke2 Kg5 43. Kf2 Kf4 44. g4 Bg3+ 45. Kg1 fxg4 46. Bf1 h5 47. Kg2 h4 48. Kg1 h3 49. Be2 Bh4 50. Kh2 Bf6 51. Bd1 Be5 52. Kh1 g3 53. Be2 g2+ 54. Kh2 Bd4 0-1

[Event "Landesliga Sued 1516"]
[Site "Bayern"]
[Date "2016.03.13"]
[Round "8.3"]
[White "Krauss, Andreas"]
[Black "Lapcevic, Milos"]
[Result "0-1"]
[WhiteElo "1885"]
[BlackElo "2324"]
[PlyCount "74"]
[EventDate "2015.10.11"]
[EventType "team-tourn"]
[EventRounds "9"]
[EventCountry "GER"]
[SourceTitle "EXT 2018"]
[Source "ChessBase"]
[SourceDate "2017.10.13"]
[SourceVersion "1"]
[SourceVersionDate "2017.10.13"]
[SourceQuality "1"]
[WhiteTeam "Deggendorf"]
[BlackTeam "Muenchen 36"]
[WhiteTeamCountry "GER"]
[BlackTeamCountry "GER"]

1. e4 c5 2. Nf3 e6 3. g3 Nc6 4. Bg2 Nge7 5. 0-0 d5 6. d3 g6 7. c3 Bg7 8. Nbd2 0-0 9. Qe2 b6 10. Rd1 Ba6 11. Rb1 Qd7 12. b4 cxb4 13. cxb4 Bb5 14. e5 Nf5 15. Nf1 Nfd4 16. Nxd4 Nxd4 17. Qe3 Ba4 18. Rd2 Nf5 19. Qe1 Rac8 20. Ne3 Nxe3 21. Qxe3 d4 22. Qe2 Rc3 23. Bb2 Rfc8 24. f4 Bf8 25. a3 a5 26. Qe4 axb4 27. axb4 Rb3 28. Ra1 Bxb4 29. Rf2 Bc6 30. Qe2 Bxg2 31. Kxg2 Bc3 32. Ra2 Qd5+ 33. Kg1 Bxb2 34. Rxb2 Rc1+ 35. Rf1 Rxf1+ 36. Kxf1 Qh1+ 37. Kf2 Rxb2 0-1

[Event "Landesliga Sued 1516"]
[Site "Bayern"]
[Date "2016.01.17"]
[Round "5.5"]
[White "Dehlinger, Alexander"]
[Black "Lapcevic, Milos"]
[Result "1/2-1/2"]
[WhiteElo "2234"]
[BlackElo "2324"]
[PlyCount "125"]
[EventDate "2015.10.11"]
[EventType "team-tourn"]
[EventRounds "9"]
[EventCountry "GER"]
[SourceTitle "EXT 2018"]
[Source "ChessBase"]
[SourceDate "2017.10.13"]
[SourceVersion "1"]
[SourceVersionDate "2017.10.13"]
[SourceQuality "1"]
[WhiteTeam "Garching II"]
[BlackTeam "Muenchen 36"]
[WhiteTeamCountry "GER"]
[BlackTeamCountry "GER"]

1. Nf3 c5 2. c4 Nf6 3. Nc3 b6 4. g3 Bb7 5. Bg2 e6 6. 0-0 Be7 7. d4 cxd4 8. Qxd4 d6 9. Bg5 a6 10. Bxf6 Bxf6 11. Qf4 Bxf3 12. exf3 Ra7 13. Rfd1 Rd7 14. Ne4 Be7 15. Qe3 0-0 16. Nc3 Rc7 17. b3 Nd7 18. f4 g6 19. Rac1 Re8 20. h4 Qb8 21. Ne4 Rcc8 22. Qd3 Nc5 23. Nxc5 dxc5 24. Qc3 Rc7 25. h5 Bf8 26. hxg6 hxg6 27. Be4 Bg7 28. Qc2 Bd4 29. Kg2 Kg7 30. Rh1 Rcc8 31. Rh2 Rh8 32. Rch1 Rxh2+ 33. Rxh2 b5 34. Rh1 Qd6 35. Bf3 Rb8 36. Rc1 Qd8 37. Qd2 b4 38. Qe2 Rb6 39. Qe4 a5 40. Qc2 Qd7 41. Bd1 Ra6 42. Qe2 Rd6 43. Bc2 Qd8 44. Rd1 Qf6 45. Qf3 Rd8 46. Qe4 Rh8 47. Qf3 Rd8 48. Qe4 Rd6 49. Qa8 e5 50. Rh1 Rd8 51. Qf3 exf4 52. gxf4 Bc3 53. Rd1 Rxd1 54. Bxd1 Bd2 55. f5 Qxf5 56. Qxf5 gxf5 57. Kg3 f4+ 58. Kf3 f5 59. Ke2 Bc1 60. Kd3 f3 61. Bxf3 Kf6 62. Bb7 Ke5 63. f3 1/2-1/2

[Event "Texas Univ-Belgrad Univ 10th"]
[Site "ICC INT"]
[Date "2015.11.06"]
[Round "1.7"]
[White "Drozdowski, Kacper"]
[Black "Lapcevic, Milos"]
[Result "1-0"]
[WhiteElo "2481"]
[BlackElo "2368"]
[PlyCount "171"]
[EventDate "2015.11.06"]
[EventType "team-match"]
[EventRounds "1"]
[EventCountry "USA"]
[SourceTitle "CBM 169 Extra"]
[Source "ChessBase"]
[SourceDate "2015.12.18"]
[SourceVersion "1"]
[SourceVersionDate "2015.12.18"]
[SourceQuality "1"]
[WhiteTeam "Texas Tech Univ"]
[BlackTeam "Belgrade Univ"]
[WhiteTeamCountry "USA"]
[BlackTeamCountry "SRB"]

1. d4 Nf6 2. c4 e6 3. Nc3 Bb4 4. e3 0-0 5. Bd3 d5 6. a3 Be7 7. Nge2 b6 8. cxd5 exd5 9. Ng3 Re8 10. 0-0 Bb7 11. b4 Nbd7 12. Rb1 a6 13. Bd2 g6 14. Qc2 Rb8 15. Na4 Ne4 16. Nxe4 dxe4 17. Bxe4 Bxe4 18. Qxe4 b5 19. Nc3 Bxb4 20. Qd3 Bf8 21. a4 c6 22. Rfd1 Ne5 23. Qe2 Nc4 24. Be1 Na3 25. Rbc1 b4 26. Nb1 Nxb1 27. Rxb1 Qa5 28. Qc2 Rec8 29. Qb3 Qd5 30. Rdc1 Qxb3 31. Rxb3 c5 32. dxc5 Rxc5 33. Rxc5 Bxc5 34. Kf1 a5 35. Ke2 Rc8 36. Rd3 Kf8 37. Bd2 Ke7 38. h3 Ke6 39. e4 Rb8 40. Bc1 b3 41. Bb2 Bd6 42. Rd5 Rb4 43. Rxa5 Rc4 44. Kd3 Rc2 45. Bd4 Ra2 46. Rb5 Rxa4 47. Rxb3 Ra3 48. Rxa3 Bxa3 49. Ke3 Bc1+ 50. Kf3 h5 51. Be3 Bb2 52. Kf4 Bf6 53. Bd2 Bd4 54. Kf3 Bc5 55. Be3 Bd6 56. Bd4 Bc7 57. Ke3 f5 58. f3 Bh2 59. Kd3 Bg3 60. Kc4 Bh2 61. Kc5 Bd6+ 62. Kc6 Bg3 63. Kb7 Bh2 64. Kc8 fxe4 65. fxe4 Be5 66. Be3 Bg3 67. Bd4 Be5 68. Bb6 Bd6 69. Bd4 Be5 70. Bf2 Bh2 71. Kd8 Ke5 72. Ke7 Bf4 73. Kf7 g5 74. Kg6 h4 75. Bb6 Kxe4 76. Bd8 Bg3 77. Bxg5 Bf2 78. Kh5 Kf5 79. Bxh4 Be3 80. g4+ Ke6 81. Kg6 Bd2 82. Bf6 Bf4 83. h4 Be3 84. h5 Bf4 85. g5 Be3 86. h6 1-0

[Event "SRB-chT 1st League"]
[Site "Kragujevac"]
[Date "2015.09.09"]
[Round "6.6"]
[White "Savic, Miodrag R"]
[Black "Lapcevic, Milos"]
[Result "1-0"]
[WhiteElo "2503"]
[BlackElo "2376"]
[PlyCount "101"]
[EventDate "2015.09.05"]
[EventType "team-tourn"]
[EventRounds "11"]
[EventCountry "SRB"]
[SourceTitle "EXT 2016"]
[Source "ChessBase"]
[SourceDate "2015.10.08"]
[SourceVersion "1"]
[SourceVersionDate "2015.10.08"]
[SourceQuality "1"]
[WhiteTeam "Valjevo Sveti Nikolaj"]
[BlackTeam "Ub"]
[WhiteTeamCountry "SRB"]
[BlackTeamCountry "SRB"]

1. e4 c5 2. c3 d6 3. Nf3 Nf6 4. h3 Nc6 5. Bd3 d5 6. exd5 Qxd5 7. Qe2 g6 8. Bc4 Qd7 9. d4 cxd4 10. 0-0 d3 11. Bxd3 Bg7 12. Rd1 Qc7 13. a4 0-0 14. Na3 b6 15. Nb5 Qb8 16. Bc4 Bb7 17. Nbd4 e6 18. Nxc6 Bxc6 19. Ne5 Bd5 20. Bxd5 exd5 21. Ng4 Nxg4 22. Qxg4 d4 23. cxd4 Qb7 24. d5 Rad8 25. Qf3 Qa6 26. Ra3 Qc4 27. Qd3 Qxd3 28. Raxd3 Rd7 29. b3 f5 30. Kf1 Kf7 31. Bf4 Rfd8 32. h4 Bf6 33. g3 Be7 34. Ke2 Bd6 35. Bg5 Be7 36. Be3 Bb4 37. Kf3 Be7 38. Bc1 Bf6 39. Bf4 Be7 40. Be5 Bf6 41. Bf4 Be7 42. Be3 Bb4 43. h5 gxh5 44. Rh1 Kg6 45. Rhd1 Be7 46. Bf4 Bf6 47. d6 Rc8 48. Rc1 Rc5 49. Rxc5 bxc5 50. Rd5 Bd4 51. b4 1-0

[Event "SRB-chT 1st League"]
[Site "Kragujevac"]
[Date "2015.09.08"]
[Round "5.2"]
[White "Lapcevic, Milos"]
[Black "Dezelin, Milan"]
[Result "1-0"]
[WhiteElo "2376"]
[BlackElo "2261"]
[PlyCount "115"]
[EventDate "2015.09.05"]
[EventType "team-tourn"]
[EventRounds "11"]
[EventCountry "SRB"]
[SourceTitle "EXT 2016"]
[Source "ChessBase"]
[SourceDate "2015.10.08"]
[SourceVersion "1"]
[SourceVersionDate "2015.10.08"]
[SourceQuality "1"]
[WhiteTeam "Ub"]
[BlackTeam "Paracin"]
[WhiteTeamCountry "SRB"]
[BlackTeamCountry "SRB"]

1. d4 Nf6 2. c4 e6 3. Nc3 Bb4 4. Qc2 0-0 5. a3 Bxc3+ 6. Qxc3 b5 7. cxb5 c6 8. Bg5 cxb5 9. e3 Bb7 10. Nf3 a6 11. Bd3 h6 12. Bh4 Nc6 13. 0-0 Rc8 14. Bxf6 Qxf6 15. Qd2 d6 16. Be4 Ba8 17. Bd3 Qd8 18. Rfc1 Qb6 19. b4 Ne7 20. e4 Rxc1+ 21. Rxc1 Rc8 22. Rxc8+ Nxc8 23. Qc3 Qb7 24. Nd2 Nb6 25. Nb3 Qc6 26. Qxc6 Bxc6 27. Na5 Ba8 28. f3 Kf8 29. Kf2 Ke7 30. Ke3 f6 31. Nb3 Bb7 32. g3 Bc8 33. f4 e5 34. Be2 Be6 35. Nd2 g5 36. h4 gxf4+ 37. gxf4 exf4+ 38. Kxf4 Na4 39. d5 Bd7 40. Bg4 Bxg4 41. Kxg4 Kf7 42. Kf5 Nc3 43. Kg4 Kg6 44. h5+ Kf7 45. Kf4 Ne2+ 46. Kg4 Nd4 47. Nf1 f5+ 48. exf5 Kf6 49. Ng3 Ke5 50. f6 Kxd5 51. Nf5 Ne6 52. Nxh6 Ke4 53. Nf7 Nf8 54. Nxd6+ Ke5 55. Ne8 Ke6 56. Kg5 Kf7 57. Nd6+ Ke6 58. Ne4 1-0